000 00770nam a2200241 a 4500
001 BRCA_4149
005 20190320204549.0
008 150410s1942----mx-a######---#000-0#spa-#
041 _aspa
044 _amx
050 4 _aF1391.G8
_b.C47 1942
100 1 _aCervantes, Enrique A.
_d1935-
_910715
245 1 0 _aBosquejo del desarollo de la ciudad de Guanajuato
_cEnrique A. Cervantes.
260 _aMéxico
_bE. A. Cervantes
_c1942
300 _a29 p.
_bil., 32 láminas, 1 mapa
_c28 cm.
500 _aIncluye una carta topográfica de Guanajuato y un mapa de Real de Minas
500 _aEjemplar numerado 27 de 600
500 _aC178
651 4 _aGuanajuato
_xHistoria
_zMéxico
_910716
651 4 _aMéxico
_xDescripción
_910717
902 _aGFM
942 _2lcc
_cB
999 _c3865
_d3865